Statistics for Word Chain - Movies

Click here to take the quiz!

General Stats

  • This quiz has been taken 51 times
  • The average score is 9 of 20

Answer Stats

HintAnswer% Correct
'Titanic' actorLeonardo DiCaprio
75%
'La La Land' actressEmma Stone
73%
If rats could cookRatatouille
73%
The Academy AwardsOscars
69%
Peter Pan's homelandNeverland
65%
Ryan Gosling car movieDrive
58%
'Black Swan' actressNatalie Portman
56%
...on the Western FrontAll Quiet
52%
Black and white Spielberg filmSchindlers List
52%
Frodo Baggins' actorElijah Wood
46%
Tarantino duologyKill Bill
46%
Horror movie + action movie =Thriller
42%
Canadian superheroDeadpool
38%
'The Shining' directorStanley Kubrick
38%
Informal name for 'sound films'Talkies
35%
Christmas movie?Die Hard
33%
Comedy movie starring the aboveEasy A
27%
Italian Holocaust filmLife is Beautiful
25%
Qui-Gon Jinn's actorLiam Neeson
21%
Film series with Clark GriswoldNational Lampoon
21%

Score Distribution

Percentile by Number Answered

Percent of People with Each Score

Your Score History

You have not taken this quiz